動あり 武勇伝 - Statistics

General Stats
  • This quiz has been taken 29 times
  • The average score is 11 of 34
Answer Stats
Hint Answer % Correct
モテるためにツベ始める 多い時でも男女比9:1
72%
彼女のために車を買う 買った数日後ブロックされる
61%
ガキの頃モデルのスカウトに 金だけ取られて親泣かす
61%
文武両道は俺のこと 偏差値30握力20
56%
教室でズボン脱がされる 変な性癖に目覚めちゃう
50%
人として恥ずかしいことはしない お前が言うなこの恥知らず
50%
悲しくなって実家帰る アンチの妹笑顔で出迎え
44%
NHKに出演する 白黒コピーで一瞬映る
44%
俺はどこにでも突っ込むぜ 家族でガードレールにも突っ込む
44%
家族みんなと仲が良い 妹からの呼び名は『ゴミクズ』
39%
ツベで人気なり勝ち組へ 広告はがされ負け組続行
39%
色んな人からLINEくる マルチ勧誘と生存確認
39%
膣障なのにオナホ使う 腫れてなっちゃった真正包茎
39%
Googleの株主になる 規制酷くなり株価は下がる
33%
公園で1人空を見る 昔見つけた不審者そっくり
33%
家族旅行,壁でAV観る 後ろが鏡で反射し親バレ
33%
膣障痔鼻炎頭おか 総合病院トライアスロン
33%
妹と物を半分こ DSも喧嘩で真っ二つ
33%
父親から仕送りが来る 手数料取られ半分つべ行き
28%
誘い断られソロユニバ その後コロナに感染発熱
28%
婆ちゃんに東大と自慢する 介護士に言われすぐさま逃げる
28%
息子の世話をしっかりする 膣内射精障害になって本番はイケず
22%
Twitch,ニコ動に避難する どっちもフォロワー少なく過疎確
22%
就活の相談に答える 聞いてる本人は終活中
22%
俺はめちゃくちゃ脳筋です 脳だけ筋肉身体は貧弱
22%
責任ない人生歩む 動画を観るのに責任必要
22%
俺の息子は優秀だ 小さい赤い汚い臭い
22%
夢の耳掃除サロン行く 耳くそ皆無,何もせず1万
22%
父が(西野の)オンラインサロン入る 母と2時間家族会議
22%
車使うためドライブへ いきなり事故って修理費数万
17%
彼女作るためファン漁る 女,さらに減り男女比オタサー
17%
三食後に飲む薬貰う 食欲ないので全く飲めず
17%
余裕できたのでジム変える その後垢BANリーチで絶望
17%
金を払って広告出す 女性が増えるも殆ど熟女
11%
No matching quizzes found
Score Distribution
Percent of People with Each Score
Percentile by Number Answered
Your Score History
You have not taken this quiz